000
00277nam a22001337a 4500
003
SGT
082
_a
150
_b
A17S
100
_a
SARASON, IRWIN G.
245
_a
ABNORMAL PSYCHOLOGY
250
_a
11TH
260
_a
INDIA
_b
PERSON
_c
2017
300
_a
695
942
_2
ddc
_c
BK
_0
39
999
_c
15084
_d
15084